| 000 | 00856cam a2200289 4500 | ||
|---|---|---|---|
| 001 | ABS65484 | ||
| 008 | 020524n2002 000 0 eng u | ||
| 035 | _a(Sirsi) u118126 | ||
| 245 | _aFocus 2002: Ireland | ||
| 260 | _c2002 | ||
| 490 |
_aEstates Gazette _v(0220) 18 May 2002, 157-189(22) |
||
| 590 | _aABS | ||
| 650 | _aNORTHERN IRELAND | ||
| 650 | _aREPUBLIC OF IRELAND | ||
| 650 | _aIRELAND | ||
| 650 | _aDUBLIN | ||
| 650 | _aBELFAST | ||
| 650 | _aPROPERTY-COMMERCIAL PROPERTY-RETAIL PROPERTY-RETAIL PROPERTY MARKET | ||
| 650 | _aLEISURE MARKET | ||
| 650 | _aPROPERTY-COMMERCIAL PROPERTY-OFFICE PROPERTY-OFFICE PROPERTY MARKET | ||
| 650 | _aINDUSTRIAL MARKET | ||
| 650 | _aPLANNING SYSTEM | ||
| 650 | _aOFFICE RENTS | ||
| 650 | _aRETAIL RENTS | ||
| 690 | _aPROPERTY-COMMERCIAL PROPERTY-COMMERCIAL PROPERTY MARKET | ||
| 942 | _n0 | ||
| 999 |
_c70345 _d70345 |
||